2025 MLB End-of-Season Lineups - Statistics

General Stats
  • This quiz has been taken 77 times
  • The average score is 170 of 450
Answer Stats
Hint Answer % Correct
2B Ketel Marte
79%
RF Noelvi Marte
79%
RF Corbin Carroll
74%
SS Geraldo Perdomo
74%
C Bo Naylor
72%
1B Josh Naylor
72%
1B Dominic Smith
70%
C Gabriel Moreno
70%
LF Josh Smith
70%
1B Pavin Smith
70%
SP Shane Smith
70%
C Will Smith
70%
DH Yordan Alvarez
70%
SP Zac Gallen
70%
SP Chris Sale
65%
1B Christian Walker
65%
SP Eury Perez
65%
C Francisco Alvarez
65%
SS Jacob Wilson
65%
RF Kyle Tucker
65%
3B Nacho Alvarez Jr.
65%
C Shea Langeliers
65%
SP Taijuan Walker
65%
RF Aaron Judge
63%
C Agustin Ramirez
63%
C Austin Wells
63%
C Carson Kelly
63%
SS Dansby Swanson
63%
3B Eugenio Suarez
63%
SP Garrett Crochet
63%
3B Jose Ramirez
63%
1B Josh Bell
63%
SP Martin Perez
63%
SP Max Fried
63%
SP Merrill Kelly
63%
1B Nick Kurtz
63%
2B Ozzie Albies
63%
SP Ranger Suarez
63%
RF Ronald Acuna Jr.
63%
C Salvador Perez
63%
RF Wenceel Perez
63%
SP Bryan Woo
60%
SP Eduardo Rodriguez
60%
CF Jarren Duran
60%
2B Jose Altuve
60%
CF Julio Rodriguez
60%
DH Kyle Schwarber
60%
SP Luis Gil
60%
SP Luis Severino
60%
1B Matt Olson
60%
CF Michael Harris Jr.
60%
CF Pete Crow-Armstrong
60%
SP Tyler Wells
60%
CF Alek Thomas
58%
3B Alex Bregman
58%
SS Anthony Volpe
58%
LF Cody Bellinger
58%
SS Elly De La Cruz
58%
DH Giancarlo Stanton
58%
SS Gunnar Henderson
58%
RF Heriberto Hernandez
58%
SP Hunter Greene
58%
RF Juan Soto
58%
CF Lane Thomas
58%
DH Marcell Ozuna
58%
3B Max Muncy
58%
LF Riley Greene
58%
DH Seiya Suzuki
58%
RF Teoscar Hernandez
58%
1B Willson Contreras
58%
C Yainer Diaz
58%
DH Yandy Diaz
58%
1B Ben Rice
56%
SS Bobby Witt Jr.
56%
1B Bryce Harper
56%
CF Byron Buxton
56%
C Cal Raleigh
56%
SP Carlos Rodon
56%
SP Cristopher Sanchez
56%
SS Francisco Lindor
56%
2B Gleyber Torres
56%
2B Jazz Chisholm Jr.
56%
RF Jesus Sanchez
56%
C J.T. Realmuto
56%
RF Lawrence Butler
56%
CF Luis Robert Jr.
56%
1B Pete Alonso
56%
3B Ryan McMahon
56%
SP Tarik Skubal
56%
SS Trea Turner
56%
C William Contreras
56%
C Adley Rutschman
53%
RF Adolis Garcia
53%
RF Brooks Baldwin
53%
DH Christian Yelich
53%
C Drake Baldwin
53%
1B Freddie Freeman
53%
DH George Springer
53%
LF James Wood
53%
SS Jeremy Pena
53%
SS J.P. Crawford
53%
LF Jurickson Profar
53%
SP Kodai Senga
53%
SP Luis Garcia
53%
2B Luis Garcia Jr.
53%
3B Maikel Garcia
53%
SS Mookie Betts
53%
CF Oneil Cruz
53%
LF Randy Arozarena
53%
DH | SP Shohei Ohtani
53%
1B Spencer Torkelson
53%
LF Steven Kwan
53%
SS Trevor Story
53%
DH Tyler Freeman
53%
1B Vladimir Guerrero Jr.
53%
3B Alec Bohm
51%
C Alejandro Kirk
51%
SS Bo Bichette
51%
LF Brandon Nimmo
51%
DH Brent Rooker
51%
SP Bryce Miller
51%
CF Cedric Mullins
51%
RF Fernando Tatis Jr.
51%
SP Framber Valdez
51%
SP Freddy Peralta
51%
SP Gavin Williams
51%
SP George Kirby
51%
SP Hunter Brown
51%
LF Ian Happ
51%
2B Jackson Holliday
51%
SP Logan Gilbert
51%
DH Lourdes Gurriel Jr.
51%
3B Manny Machado
51%
SP McCade Brown
51%
1B Michael Busch
51%
DH Mike Trout
51%
2B Nico Hoerner
51%
SP Paul Skenes
51%
1B Ryan Mountcastle
51%
SP Sandy Alcantara
51%
1B Vinnie Pasquantino
51%
SP Blake Snell
49%
2B Brandon Lowe
49%
SS Ezequiel Tovar
49%
2B Jeff Mcneil
49%
RF Josh Lowe
49%
LF Kyle Stowers
49%
3B Matt Chapman
49%
1B Nathaniel Lowe
49%
RF Nick Castellanos
49%
SP Shota Imanaga
49%
SP Spencer Strider
49%
CF Trent Grisham
49%
SS Willy Adames
49%
SS Xander Bogaerts
49%
SP Yoshinobu Yamamoto
49%
CF Andy Pages
47%
CF Brandon Marsh
47%
2B Brice Turang
47%
2B Bryson Stott
47%
2B Ceddanne Rafaela
47%
SS Corey Seager
47%
SP Dylan Cease
47%
CF Jackson Merrill
47%
SP Jacob Lopez
47%
DH Jorge Polanco
47%
CF Jung Hoo Lee
47%
SP Kevin Gausman
47%
1B Luis Arraez
47%
SP Luis Castillo
47%
3B Nolan Arenado
47%
SS Otto Lopez
47%
SP Pablo Lopez
47%
C Pedro Pages
47%
SP Seth Lugo
47%
SP Shane Bieber
47%
SP Aaron Nola
44%
2B Andres Gimenez
44%
SS Brooks Lee
44%
RF Bryan Reynolds
44%
3B Carlos Correa
44%
SS Colson Montgomery
44%
SP Dustin May
44%
CF Jackson Chourio
44%
2B Jake Cronenworth
44%
SP Jesus Luzardo
44%
SP Joe Ryan
44%
SP Jose Berrios
44%
SP Justin Verlander
44%
SP Kyle Freeland
44%
SP Logan Allen
44%
DH Mark Vientos
44%
SP Matthew Boyd
44%
SS Nick Allen
44%
DH Rafael Devers
44%
3B Royce Lewis
44%
SP Sonny Gray
44%
SP Tyler Glasnow
44%
RF Wilyer Abreu
44%
2B Xavier Edwards
44%
LF Andrew Benintendi
42%
1B Andrew Vaughn
42%
2B Brayan Rocchio
42%
C Carlos Narvaez
42%
CF Colton Cowser
42%
C Hunter Goodman
42%
SP Jack Flaherty
42%
SP Jacob deGrom
42%
3B Josh Jung
42%
C Logan O'Hoppe
42%
SP Logan Webb
42%
SP MacKenzie Gore
42%
2B Marcus Semien
42%
LF Max Kepler
42%
LF Roman Anthony
42%
DH Ryan O'Hearn
42%
RF Sal Frelick
42%
SP Trevor Rogers
42%
C Tyler Stephenson
42%
SP Yu Darvish
42%
SP Yusei Kikuchi
42%
SP Brandon Woodruff
40%
3B Brett Baty
40%
SS CJ Abrams
40%
SP Clay Holmes
40%
SP Cole Ragans
40%
CF Daulton Varsho
40%
C Dillon Dingler
40%
SP Edward Cabrera
40%
3B Ernie Clement
40%
LF Jake McCarthy
40%
3B Jordan Westburg
40%
3B Ke'Bryan Hayes
40%
DH Kerry Carpenter
40%
DH Masataka Yoshida
40%
3B Matt Shaw
40%
SP Max Scherzer
40%
DH Miguel Andujar
40%
SP Nathan Eovaldi
40%
C Patrick Bailey
40%
SP Sean Manaea
40%
1B Spencer Steer
40%
2B Tommy Edman
40%
SS Zach Neto
40%
SP Brandon Pfaadt
37%
SP Brayan Bello
37%
2B Brendan Donovan
37%
CF Brenton Doyle
37%
SP Cam Schlittler
37%
SP Clayton Kershaw
37%
2B Cole Young
37%
SP Davis Martin
37%
SP Jameson Taillon
37%
CF Jo Adell
37%
2B Jonathan India
37%
3B Junior Caminero
37%
RF Lars Nootbaar
37%
SP Michael King
37%
SP Miles Mikolas
37%
SP Nick Lodolo
37%
LF Taylor Ward
37%
CF TJ Friedl
37%
LF Tyler Soderstrom
37%
SP Andrew Abbott
35%
LF Austin Hays
35%
SP Chris Bassitt
35%
C Freddy Fermin
35%
2B Gavin Lux
35%
C Henry Davis
35%
3B Isiah Kiner-Falefa
35%
SS Joey Ortiz
35%
RF Mike Yastrzemski
35%
SP Robbie Ray
35%
SP Tanner Bibee
35%
SP Tyler Anderson
35%
LF Alec Burleson
33%
DH Andrew McCutchen
33%
SP German Marquez
33%
SS Ha-Seong Kim
33%
DH Joc Pederson
33%
RF Jorge Soler
33%
1B Kyle Manzardo
33%
SS Masyn Winn
33%
SP Mitch Keller
33%
LF Ramon Laureano
33%
RF Tyler O'Neill
33%
SP Bailey Ober
30%
SP Brady Singer
30%
SP Casey Mize
30%
3B Colt Keith
30%
LF Heliot Ramos
30%
DH Ivan Herrera
30%
SP Jeffrey Springs
30%
C Kyle Higashioka
30%
CF Kyle Isbel
30%
2B Luis Rengifo
30%
LF Michael Conforto
30%
SP Michael Lorenzen
30%
1B Nolan Schanuel
30%
C Ryan Jeffers
30%
SP Shane Baz
30%
LF Tommy Pham
30%
CF Wyatt Langford
30%
RF Addison Barger
28%
CF Jake Meyers
28%
1B Jonathan Aranda
28%
LF Jordan Beck
28%
SP Jose Quintana
28%
C Keibert Ruiz
28%
SP Kyle Bradish
28%
SP Michael Wacha
28%
2B Nick Gonzales
28%
SP Nick Pivetta
28%
3B Yoan Moncada
28%
3B Blaze Alexander
26%
3B Caleb Durbin
26%
SP Charlie Morton
26%
SP David Peterson
26%
SP Jacob Misiorowski
26%
SP Kyle Hendricks
26%
C Kyle Teel
26%
SP Lucas Giolito
26%
LF Nathan Lukes
26%
CF Parker Meadows
26%
1B Rowdy Tellez
26%
SP Simeon Woods-Richardson
26%
DH Trevor Larnach
26%
CF Victor Scott II
26%
LF Chandler Simpson
23%
SP Christian Javier
23%
3B Connor Norby
23%
RF Dominic Canzone
23%
RF Dylan Crews
23%
LF Isaac Collins
23%
1B Lenyn Sosa
23%
SP Matthew Liberatore
23%
RF Matt Wallner
23%
3B Miguel Vargas
23%
SP Mitchell Parker
23%
SP Nestor Cortes
23%
SP Ryan Pepiot
23%
SP Cade Horton
21%
SP Chris Paddack
21%
CF Denzel Clarke
21%
SS Gabriel Arias
21%
SP Jake Irvin
21%
DH Liam Hicks
21%
RF Mickey Moniak
21%
SP Ryne Nelson
21%
SS Trey Sweeney
21%
SP Will Warren
21%
SP Aaron Civale
19%
SP Dean Kremer
19%
SP Drew Rasmussen
19%
SS Jared Triolo
19%
LF Mauricio Dubon
19%
DH Mike Tauchman
19%
DH Samuel Basallo
19%
SP Tomoyuki Sugano
19%
SP Tylor Megill
19%
SP Zack Littell
19%
LF Adam Frazier
16%
SP Bryce Elder
16%
SP Chase Dollander
16%
CF Jakob Marsee
16%
SP Quinn Priester
16%
SP Ryan Weathers
16%
1B Spencer Horwitz
16%
SP Andre Pallante
14%
2B Casey Schmitt
14%
2B Chase Meidroth
14%
1B Edouard Julien
14%
SP Jack Leiter
14%
LF James Outman
14%
SP Jose Soriano
14%
SP Noah Cameron
14%
SP Yoendrys Gomez
14%
3B Brady House
12%
RF Daniel Schneemann
12%
DH Daylen Lile
12%
CF Jake Mangum
12%
SP Johan Oviedo
12%
2B Luke Keaschall
12%
SP Michael McGreevy
12%
CF Robert Hassell III
12%
SP Slade Cecconi
12%
SP Spencer Arrighetti
12%
SP Brad Lord
9%
SP Cade Cavalli
9%
SP Carson Whisenhunt
9%
SP Graham Ashcraft
9%
SP Ian Seymour
9%
SP Jack Perkins
9%
RF Luis Matos
9%
SP Michael Soroka
9%
Arizona Diamondbacks | Athletics | Atlanta Braves | +26 others Player
9%
SP Tanner Gordon
9%
1B Warming Bernabel
9%
2B Darell Hernaiz
7%
LF Dylan Beavers
7%
SP Hurston Waldrep
7%
DH Jac Caglianone
7%
SP Janson Junk
7%
SP Joey Wentz
7%
SP John Means
7%
3B Kyle Karros
7%
SP Landen Roupp
7%
1B Troy Johnston
7%
SP Adrian Houser
5%
C Hunter Feduccia
5%
SP Jacob Latz
5%
SP Mike Burrows
5%
Boston Red Sox Players
5%
SP Richard Fitts
5%
2B Ryan Ritter
5%
SP Victor Mederos
5%
SP Zebby Matthews
5%
SP Anthony DeSclafani
2%
DH David Fry
0%
SP J.T. Grimm
0%
No matching quizzes found
Score Distribution
Percent of People with Each Score
Percentile by Number Answered
Your Score History
You have not taken this quiz